Central Library OPAC University of Rajshahi

ইসলামের দৃষ্টিতে সমাজ / (Record no. 40015)

MARC details
000 -LEADER
fixed length control field 00801nam a2200217 a 4500
001 - CONTROL NUMBER
control field 40015
003 - CONTROL NUMBER IDENTIFIER
rucl marc code BD-RjUL
005 - DATE AND TIME OF LATEST TRANSACTION
control field 20211209053122.0
008 - FIXED-LENGTH DATA ELEMENTS--GENERAL INFORMATION
fixed length control field 160421m19761969bg ||||| |||| 00| 0 ben d
035 ## - SYSTEM CONTROL NUMBER
System control number (BD-RjUL)40129
040 ## - CATALOGING SOURCE
Original cataloging agency BD-RjUL
Language of cataloging ben
Transcribing agency BD-RjUL
041 ## - LANGUAGE CODE
Language code of text/sound track or separate title ben
082 ## - DEWEY DECIMAL CLASSIFICATION NUMBER
Edition number 23
Classification number 297
Author mark and year ISL 1976
245 00 - TITLE STATEMENT
Title ইসলামের দৃষ্টিতে সমাজ /
Statement of responsibility, etc. ইসলামিক ফাউন্ডেশন
260 ## - PUBLICATION, DISTRIBUTION, ETC. (IMPRINT)
Place of publication, distribution, etc. ঢাকা :
Name of publisher, distributor, etc. ইসলামিক ফাউন্ডশন,
Date of publication, distribution, etc. ১৯৭৬.
300 ## - PHYSICAL DESCRIPTION
Pagination [৬] ১২০পৃ. ;
Size ২১ সেমি.
650 ## - SUBJECT ADDED ENTRY--TOPICAL TERM
Topical term or geographic name as entry element ইসলামী সমাজবিজ্ঞান
9 (RLIN) 123238
Topical term or geographic name as entry element Islamic sociology
9 (RLIN) 123239
700 ## - ADDED ENTRY--PERSONAL NAME
Personal name ফাউন্ডশন ইসলামিক
942 ## - ADDED ENTRY ELEMENTS (KOHA)
Source of classification or shelving scheme Dewey Decimal Classification
Koha item type Books
Holdings
Lost status Source of classification or shelving scheme Damaged status Not for loan Collection code Permanent Location Current Location Shelving location Date acquired Source of acquisition Total Checkouts Full call number Date last seen Copy number Koha item type
  Dewey Decimal Classification     Non-fiction Central Library, University of Rajshahi Central Library, University of Rajshahi   10/10/1979 Islmic faundation, Dhaka   B 297 ISL 1976 21/04/2016 C-2 Books
  Dewey Decimal Classification     Non-fiction Central Library, University of Rajshahi Central Library, University of Rajshahi   14/09/1978 Islamic Foundation, Dhaka   B 297 ISL 1976 13/07/2016 C-3 Books